01707nam a2200181 a 450000500170000000800410001704100080005804400070006610000290007324501290010226000530023130000110028452011380029565000200143365000180145365000250147165000290149620180803165320.0140127b2005 ck ||||| |||| 00| 0 spa d aspa ack aGarcía García, Paola aInvestigación socio-jurídica en temas relacionados con biodiversidad, recursos genéticos y conocimientos tradicionales aBogotábInstituto Alexander von Humboldtc2005 a151 p. aComo resultado de este contrato se presentan los siguientes productos: Producto 1: Memorias de reuniones sobre socialización en materia de acceso a los recursos genético, productos derivados y conocimientos tradicionales. Producto 2: Comentarios a documentos de negociaciones internacionales relacionadas con recursos genéticos y conocimientos tradicionales. Producto 3: Documentos de seguimiento y comentarios a proyectos de ley relacionados con biodiversidad que actualmente se han realizado ante en Congreso. Producto 4: Documento borrador de material de trabajo para comunidades negras para la protección del conocimiento tradicional. Producto 5: Propuesta metodológica de planificación (diagnóstico y formulación) en BD con los grupos indígenas en el marco del Plan de Acción Regional de la Amazonía. Producto 6: Documento de avance sobre diagnóstico y formulación de grupos indígenas en el marco del Plan de Acción, a partir de la propuesta metodológica y con base en cuatro eventos sobre diagnóstico y formulación. Producto 7: Actas de los cuatro eventos sobre diagnóstico y formulación aInvestigaciones aBiodiversidad aRecursos genéticos aConocimiento tradicional